01146nam a2200289Ia 4500001001200000003000800012006001900020007001500039008004100054020001500095040002100110035002100131050002800152245011600180260005900296300001100355490004800366533015200414650001400566650004100580655002900621700002100650700002500671710001700696856012600713999001700839ebr10052614CaPaEBRm u cr cn|||||||||000815s2002 enk s 000 0 eng d z0861768019 aCaPaEBRcCaPaEBR a(OCoLC)13316077914aTK5105.878b.A33 2002eb00aAccountability and the interneth[electronic resource] /cGuest editors, David Crowther and Lez Rayman-Bacchus. aBradford, England :bEmerald Group Publishing,cc2002. a262 p.0 aManagerial auditing journal ;vv. 18, no. 3 aElectronic reproduction.bPalo Alto, Calif. :cebrary,d2009.nAvailable via World Wide Web.nAccess may be limited to ebrary affiliated libraries. 0aAuditing. 0aInternetxMoral and ethical aspects. 7aElectronic books.2local1 aCrowther, David.1 aRayman-Bacchus, Lez.2 aebrary, Inc.40uhttp://site.ebrary.com/lib/rucke/Doc?id=10052614zAn electronic book accessible through the World Wide Web; click to view c65484d65484